000 00293nam a22001097a 4500
082 _a512.9 DUR'S
100 _aDURELL, C. V
_976812
245 _aSCHOOL CERTIFICATE ALGEBRA AN INTERMEDIATE VERSION OF A NEW ALGEBRA FOR SCHOOL
260 _aLONDON
_bG. BELL
_c1954
300 _aV-I
942 _cBK
999 _c582136
_d582136